000 00905nam a22002057a 4500
999 _c12697
_d12697
003 AR-CdUCM
008 190409b ||||| |||| 00| 0 spa d
040 _aMUNICIPALIDAD PROVINCIAL DEL CUSCO
_cBIBLIOTECA MUNICIPAL DEL CUSCO
082 _a348.41 /
_bR42 / 1974
110 _aEl presidente de la república
_930696
245 _aLey de comunidades nativas y de promoción agropecuaria de regiones de selva y ceja de selva :
_bDecreto - ley N° 20653 /
260 _aLima :
_bEl peruano
_c1974.
300 _a31 páginas ;
_c19 cm.
505 _aContenido : Ley de comunidades nativas y de promoción agropecuaria de regiones de selva y ceja de selva -- De las comunidades nativas -- De las tierras de las regiones de selva y de ceja de selva ...
650 _aLeyes
_94808
650 _aNomas
_930697
650 _a Selva y ceja de selva
_930698
942 _2ddc
_cLIBROS
945 _arah
_d09/04/2019